000 00573nam a2200169 i 4500
001 99044
003 ES-MaACL
007 t|
008 051111s1849 sp ||||1| spa d
080 _a929 Luis Felipe (44) I
100 1 _aLuis Felipe
_bI
_cRey de Francia.
_974690
245 1 0 _aMemorias de Luis Felipe de Orleans, ex-rey de los franceses, escritas por el mismo.
260 _aMadrid :
_b[s.n.],
_c1849 (
_fImpr. de A. Aguirre y compañía)
300 _a176 p. ;
_c16 cm.
600 1 4 _aLuis Felipe
_bI
_cRey de Francia.
_974690
852 _aES-MaACL
_jG-12792
_bR.136591
999 _c99044
_d99044